000 00527nam a2200133Ia 4500
008 151213s9999 xx 000 0 und d
100 _aমুহাম্মদ দানীউল হক।
245 _aঅনুবেদন।
_cমুহাম্মদ দানীউল হক।
260 _aঢাকা
_bঅ্যাসোসিয়েট্স প্রিন্টার্স ।
_c1972
300 _a8800 p.
650 _aBangla
700 _aমুহাম্মদ দানীউল হক।
999 _c4585
_d4585